| 000 | 00473nam a2200169Ia 4500 | ||
|---|---|---|---|
| 008 | 180910s9999 xx 000 0 und d | ||
| 100 | _aRobert, Chris. | ||
| 245 | _aJournal of Hospitality Research / | ||
| 245 | _cChris, Robert. | ||
| 260 | _bSage | ||
| 260 | _c2018 | ||
| 300 | _apages 675-852, June 2018 | ||
| 440 |
_aJournal of Hospitality Research _v42:5 |
||
| 650 | _aHospitality industry. | ||
| 650 | _aHospitality industry--Research | ||
| 650 | _aPeriodicals. | ||
| 999 |
_c358763 _d358763 |
||